00460nam a2200133 a 450000500170000000800410001702000180005805000250007610000250010124500990012626000590022530000160028465000260030020140412111237.0010418s19uu xx 00 eng d a971-630-004-2 aFil 552.21bP37 1992 aPaterno, Maria Elena aVolcanoes of the Philippines /cMaria Elena Paterno ; introduction by Raymundo S. Punongbayan. aPhilippines :bTahanan Books for Young Readers,c1992. a32p. ; ill. aVolcanoes-Philippines